Music Quiz

Random Music or Disney Quiz
Score 0/230 Timer 07:00
0 Plays Today
% Correct
the
98.5%
the
98.5%
a
98.5%
a
98.5%
a
98.5%
And
98.5%
a
98.5%
a
98.5%
a
98.5%
a
98.5%
the
98.5%
a
98.5%
the
98.5%
a
98.5%
the
98.5%
the
98.5%
the
98.5%
and
98.5%
the
98.5%
a
98.5%
a
98.5%
the
98.5%
a
98.5%
the
98.5%
a
98.5%
the
98.5%
the
98.5%
I
97.6%
I
97.6%
I
97.6%
I
97.6%
I
97.6%
I
97.6%
you
92.8%
you
92.8%
you
92.8%
you
92.8%
you
92.8%
you
92.8%
You
92.8%
you
92.8%
you?
92.8%
You
92.8%
be
89%
be
89%
to
87.3%
to
87.3%
to
87.3%
to
87.3%
to
87.3%
to
87.3%
can
86.6%
me
85.9%
me
85.9%
me
85.9%
in
84.3%
on
83.4%
of
83.1%
of
83.1%
of
83.1%
of
83.1%
of
83.1%
of
83.1%
of
83.1%
of
83.1%
of
83.1%
of
83.1%
for
82.9%
for
82.9%
for
82.9%
when
81.2%
So
80.5%
your
80.4%
he
80.4%
is
79.4%
go
79.4%
You're
78.4%
% Correct
You're
78.4%
You're
78.4%
you're
78.4%
they
77.9%
as
77%
as
77%
as
77%
as
77%
as
77%
see
76.5%
my
76%
who
76%
my
76%
how
75.2%
How
75.2%
I'll
74.8%
I'll
74.8%
that
74.2%
are
73.3%
I'm
71.7%
we're
71.4%
but
70.8%
but
70.8%
Did
70.3%
get
70.2%
ever
70.2%
down
70.1%
With
69.6%
With
69.6%
With
69.6%
With
69.6%
man
69.2%
man
69.2%
man
69.2%
out
68.9%
out
68.9%
out
68.9%
This
68.1%
make
67.7%
make
67.7%
make
67.7%
knew
67.1%
knew
67.1%
Lets
66.7%
Huns
66.3%
Huns
66.3%
was
66.2%
got
66%
got
66%
through
65.7%
through
65.7%
through
65.7%
defeat
65.3%
asked
65.3%
daughters
65.2%
sons?
65.2%
business
64.9%
send
64.6%
all
63.2%
all
63.2%
all
63.2%
all
63.2%
Now
62.7%
bet
61.6%
Say
61.4%
fire
61.1%
fire
61.1%
fire
61.1%
bunch
60.9%
never
60.7%
met
60.6%
wish
60.3%
could
60.3%
before
60.2%
saddest
60%
Mister
58.9%
those
58.9%
% Correct
us
57.7%
win
57.5%
doesn't
57.5%
right
57.5%
haven't
57.2%
Boy
57.1%
forest
56.4%
up
56.3%
fool
56.1%
gym
56.1%
gonna
56%
Once
55.8%
find
55.6%
sure
55.6%
goodbye
55.6%
Hope
55.6%
clue
55.4%
within
55.3%
lot
55.2%
must
55%
must
55%
Somehow
54.6%
Tranquil
54.5%
swim
54.5%
school
54.3%
river
54.2%
river
54.2%
moon
54%
moon!
54%
cutting
53.9%
center
53.5%
pathetic
53.2%
really
53.2%
side
53.2%
side
53.2%
typhoon
53.1%
Time
53.1%
typhoon
53.1%
catch
52.9%
breath
52.9%
dark
52.8%
dark
52.8%
great
52.5%
great
52.5%
raging
51.8%
raging
51.8%
Mysterious
51.4%
Mysterious
51.4%
pale
51.3%
scared
51.3%
swift
51.1%
swift
51.1%
death
50.8%
spineless
50.7%
strength
50.7%
strength
50.7%
coursing
50.1%
coursing
50.1%
guy's
49.9%
every
49.3%
force
48.3%
force
48.3%
'em
47.9%
might
45.8%
war
45.3%
home
44.4%
pack
43.3%
racing
42.1%
survive
42.1%
rage
41.8%
order
41.6%
toward
41.2%
arrive
41.1%
Heed
40.1%
unsuited
39%
till
38.7%
Remove Ads.
Support Sporcle.
Get the best of Sporcle when you Go Orange. This ad-free experience offers more features, more stats, and more fun while also helping to support Sporcle. Thank you for becoming a member.

You're not logged in!

Compare scores with friends on all Sporcle quizzes.
OR
Log In

Show Comments

Extras

Created Sep 28, 2013ReportNominate
Tags:Disney Quiz

Top Quizzes Today


Score Distribution

Your Account Isn't Verified!

In order to create a playlist on Sporcle, you need to verify the email address you used during registration. Go to your Sporcle Settings to finish the process.

Report this User

Report this user for behavior that violates our Community Guidelines.

Details: